Szczegóły MARC21

Sztuka w służbie utopii : o funkcjach politycznych i propagandowych sztuk plastycznych w Rosji Radzieckiej lat 1917-1922 /

003 -Nazwa inst., której nr kontr. jest w polu 001 [,]
    • @
    • Nazwa instytucji, której n kontrolny jest w polu 001
    • NUKAT
005 -DATA I CZAS OSTATNIEJ MODYFIKACJI [,]
    • @
    • pole kontrolne
    • 20241231104251.0
020 -Międzynarod. znormalizowany nr książki - ISBN [ , ]
    • a
    • Numer ISBN
    • 8386301414 Find
040 -Instytucja sporządzająca opis [ , ]
    • a
    • Instytucja, która sporządziła opis (NP)
    • Ł U/BM
    • c
    • Instytucja, która sporządziła rekord (NP)
    • Ł U/BM
    • d
    • Instytucja, która zmodyfikowała rekord (P)
    • Ł U/GS
    • d
    • Instytucja, która zmodyfikowała rekord (P)
    • Ł U/RRs
041 -Język dokumentu [0, ]
    • a
    • Język tekstu (P)
    • polski
    • b
    • Język streszczeń lub abstraktu (P)
    • angielski
    • b
    • Język streszczeń lub abstraktu (P)
    • rosyjski
942 -Rodzaj dokumentu [ , ]
    • c
    • Rodzaj dokumentu
    • Książka
100 -Hasło główne - nazwa osobowa [1, ]
    • a
    • Nazwa osobowa (NP)
    • Leinwand, Aleksandra J.
    • 9
    • KHW
    • 43085
245 -Strefa tytułu i oznaczenia odpowiedzialności [1,0]
    • a
    • Tytuł
    • Sztuka w służbie utopii : Find
    • b
    • Ciąg dalszy tytułu (NP)
    • o funkcjach politycznych i propagandowych sztuk plastycznych w Rosji Radzieckiej lat 1917-1922 / Find
    • c
    • Pozostałe elementy strefy tytułu i oznaczenia odpowiedzialności (NP)
    • [Aleksandra J. Leinwand].
260 -Strefa adresu wydawniczego [ , ]
    • a
    • Miejsce wydania (P)
    • Warszawa :
    • b
    • Nazwa wydawcy (P)
    • Instytut Historii PAN ;
    • a
    • Miejsce wydania (P)
    • Łowicz :
    • b
    • Nazwa wydawcy (P)
    • Mazowiecka Wyższa Szkoła Humanistyczno-Pedagogiczna,
    • c
    • Data wydania (P)
    • 1998.
300 -Strefa opisu fizycznego [ , ]
    • a
    • Określenie formy książki i/lub objętość (NP)
    • 251 s., [66] s. tabl. ;
    • c
    • Format (NP)
    • 23 cm.
336 -Typ zawartości [ , ]
    • a
    • Termin opisujący typ zawartości
    • Tekst
    • b
    • Kod określający zawartość
    • txt
    • 2
    • Źródło (terminu i kodu)
    • rdacontent
337 -Typ mediów [ , ]
    • a
    • Tryb odtwarzania
    • Bez urządzenia pośredniczącego
    • b
    • Kod typu mediów
    • n
    • 2
    • Źródło (terminu i kodu)
    • rdamedia
338 -Typ/rodzaj nośnika [ , ]
    • a
    • Hasło opisujące typ nośnika
    • Wolumin
    • b
    • Kod typu nośnika
    • nc
    • 2
    • Źródło (terminu i kodu)
    • rdacarrier
504 -Uwaga dot. bibliogr. załącznikowej [ , ]
    • a
    • Uwaga dot. bibliografii załącznikowej
    • Bibliogr. s. 216-227.
504 -Uwaga dot. bibliogr. załącznikowej [ , ]
    • a
    • Uwaga dot. bibliografii załącznikowej
    • Indeks.
546 -Uwaga dot. języka [ , ]
    • a
    • Uwaga dot. języka
    • Streszcz. ang., ros.
080 -Uniwersalna Klasyfikacja Dziesiętna [ , ]
    • 2
    • Identyfikator wydania tablic
    • UDC-P058
    • 9
    • UKD
    • 42958
    • a
    • Symbol klasyfikacji
    • 94(47+57)::008
    • b
    • Dopowiedzenie
    • Historia kultury ZSRR (do 1991 r.). Wspólnoty Niepodległych Państw (od 1991 r.).
    • 4
    • UKD2
    • 8230
    • x
    • Poddział wspólny
    • "19"
    • c
    • Dopowiedzenie poddz. wspólnego
    • Wiek XX.
080 -Uniwersalna Klasyfikacja Dziesiętna [ , ]
    • 2
    • Identyfikator wydania tablic
    • UDC-P058
    • 9
    • UKD
    • 2842
    • a
    • Symbol klasyfikacji
    • 32.019.5:316.77
    • b
    • Dopowiedzenie
    • Komunikacja polityczna.
    • 4
    • UKD2
    • 8125
    • x
    • Poddział wspólny
    • (47+57)
    • c
    • Dopowiedzenie poddz. wspólnego
    • (Związek Socjalistycznych Republik Radzieckich. ZSRR (do 1991). Wspólnota Niepodległych Państw (od 1991). WNP).
    • 4
    • UKD2
    • 8230
    • x
    • Poddział wspólny
    • "19"
    • c
    • Dopowiedzenie poddz. wspólnego
    • Wiek XX.
080 -Uniwersalna Klasyfikacja Dziesiętna [ , ]
    • 2
    • Identyfikator wydania tablic
    • UDC-P058
    • 9
    • UKD
    • 42959
    • a
    • Symbol klasyfikacji
    • 7.03(47+57)(091)
    • b
    • Dopowiedzenie
    • Historia sztuki Związku Socjalistycznych Republik Radzieckich. ZSRR (do 1991). Wspólnota Niepodległych Państw (od 1991)WNP.
    • 4
    • UKD2
    • 8230
    • x
    • Poddział wspólny
    • "19"
    • c
    • Dopowiedzenie poddz. wspólnego
    • Wiek XX.
650 -Hasło przedmiotowe [ ,7]
    • a
    • Hasło przedmiotowe
    • Komunizm i sztuka
    • z
    • Określnik geograficzny
    • Związek Radziecki.
    • 2
    • Źródło terminu
    • kaba
    • 9
    • KHW
    • 366434
650 -Hasło przedmiotowe [ ,7]
    • a
    • Hasło przedmiotowe
    • Propaganda komunistyczna
    • z
    • Określnik geograficzny
    • Związek Radziecki.
    • 2
    • Źródło terminu
    • kaba
    • 9
    • KHW
    • 366433
650 -Hasło przedmiotowe [ ,7]
    • a
    • Hasło przedmiotowe
    • Sztuka i polityka
    • z
    • Określnik geograficzny
    • Związek Radziecki.
    • 2
    • Źródło terminu
    • kaba
    • 9
    • KHW
    • 366435
980 -Symbol UKD [ , ]
    • a
    • UKD
    • 94(47+57)::008:32.019.5:316.77:7.03(47+57)(091)]"18"
920 -ISBN [ , ]
    • a
    • ISBN
    • 83-86301-41-4 Find
Status udost. Numer inwentarzowy Sygnatura Data inwentaryzacji Lokalizacja
1P.21994ROS. Kultura Rosji 052010-02-09BM